| 000 | 00466nam a2200169Ia 4500 | ||
|---|---|---|---|
| 008 | 121017t2009 xxu||||| |||| 00| 0 sin d | ||
| 041 | _asin | ||
| 080 |
_aX8S1 _bKOD |
||
| 100 | _aParakkrama Kodithuvakku | ||
| 245 | _aමහතෙක් සිටී හොඳින් | ||
| 246 | _aMahathek Siti Hondin | ||
| 260 |
_bSarasavi Prakashakayo _aNugegoda _c2009 |
||
| 300 | _b76p., 19 cm | ||
| 942 | _cBK | ||
| 999 |
_c76135 _d76135 |
||
| 003 | LK-CoDNM | ||
| 040 |
_aLK-CoDNM _dLK-CoDNM _eLK-CoDNM |
||